000 00980nam a2200265 a 4500
001 24694
003 CO-ViMGA
008 141112s2004 ck r 000 u spa d
020 _a8436808444
035 _aAFD4963 LA
040 _aCO-ViMGA
_bspa
_cCO-ViMGA
041 _aspa
082 0 4 _a155.5 C12r
100 1 _aCáceres Carrasco, José, 1950 -
_936821
245 1 0 _aRelación de pareja en jóvenes y embarazos no deseados /
_cJosé Cáceres Carrasco, Valentín Escudero Carranza.
260 _aMadrid :
_bEdiciones Pirámide,
_c1994.
300 _a174 p. ; 20 cm.
490 _aColección ojos solares
504 _aIncluye bibliografía.
650 1 4 _aEmbarazos en adolescentes
_936822
650 1 4 _aRelaciones de pareja
700 1 _aEscudero Carranza, Valentín.
_936823
942 _2ddc
_cBK
999 _c32500
_d32500